00230nam a2200097Ia 4500100003400000654002300034245002300057260003100080300000900111546001200120 aOberg/Erik/ Jones/Franklin D  amachinery handbook aMachinery Handbook bIndustrial Press Incc1974 a2420 aENGLISH